| 000 | 00550nam a22002057a 4500 | ||
|---|---|---|---|
| 999 |
_c8757 _d8757 |
||
| 001 | 8757 | ||
| 003 | BD-JhCC | ||
| 005 | 20180714182646.0 | ||
| 008 | 180303b xxu||||| |||| 00| 0 eng d | ||
| 035 | _a(BD-JhCC)8757 | ||
| 040 |
_aBD-JhCC _dBD-JhCC |
||
| 041 | _aeng | ||
| 082 |
_bLAN 1984 _a372.91 |
||
| 245 |
_aLanguage : Skills and Use / _cLinda Ward Beech...[et. all.]. |
||
| 260 |
_aJew Jersey : _bScott, Foresman and Company, _c1984. |
||
| 300 |
_a400 p. : _bills; _c24 cm. |
||
| 650 | _aEnglissh Language | ||
| 942 |
_2ddc _cBK |
||